La filoxera en el Ampurdán (Registro nro. 6071)

Detalles MARC
000 -LEADER
campo de control de longitud fija 00592nam a2200145 i 4500
001 - NÚMERO DE CONTROL
campo de control 6071
003 - IDENTIFICADOR DE NÚMERO DE CONTROL
campo de control ES-MaACL
005 - FECHA Y HORA DE LA ÚLTIMA TRANSACCIÓN
campo de control 20230906144802.0
008 - DATOS DE LONGITUD FIJA--INFORMACIÓN GENERAL
campo de control de longitud fija 200915s1880 sp ||||1| spa d
245 03 - MENCIÓN DEL TÍTULO
Título La filoxera en el Ampurdán
Resto del título : Bases de organización de los Sindicatos y de la Comisión Central. Plan de defensa. Exposición elevada al Gobierno y contestación al Manifiesto del Instituto Agrícola Catalán de San Isidro Mariano Alegret.
260 ## - PUBLICACIÓN, DISTRIBUCIÓN, ETC.
Lugar de publicación, distribución, etc. Figueras :
Nombre del editor, distribuidor, etc. [s.n.,
Fecha de publicación, distribución, etc. 1880]
300 ## - DESCRIPCIÓN FÍSICA
Extensión 24 p. ;
Dimensiones 25 cm.
650 #4 - PUNTO DE ACCESO ADICIONAL DE MATERIA--TÉRMINO DE MATERIA
Término de materia o nombre geográfico como elemento de entrada Filoxera-
Subdivisión geográfica Ampurdán.
9 (RLIN) 170322
852 ## - LOCALIZACIÓN
Ubicación ES-MaACL
Número de control de estantería T-679-F-13
Existencias
Estatus retirado Estado de pérdida Estado de daño No para préstamo Colección Biblioteca de origen Biblioteca actual Ubicación en estantería Fecha de adquisición Fuente de adquisición Total de préstamos Signatura topográfica completa Código de barras Visto por última vez Precio de reemplazo Tipo de ítem Koha
        Colección de folletos Biblioteca del Ateneo de Madrid Biblioteca del Ateneo de Madrid Depósito folletos 20/05/2005     T-679-F-13 1201982 23/02/2023 23/02/2023 Folleto